00800cam a2200217 a 450000100060000000300080000600500170001400800410003103500190007203500120009104000180010304100080012108200280012911000140015724502740017126000550044530000210050050000170052165000300053870000140056843562BD-RjUL20211209053721.0160625s1960 pk 000 0 eng d a(BD-RjUL)43680 a1729700 aANLbengcANL aeng 223 a331.89 bHAN 1960 1 aPakistan.10aHandbook of industrial disputes legislation containing:b1. Industrial disputes ordinance, 1959. 2. Industrial disputes (Central) rules, 1960. 3. East Pakistan Industrial disputes rules, 1960. [and] 4. West Pakistan Industrial disputes rules, 1960.cEdited by M. Shafi. a[Karachi] :bBureau of Labour Publications,c1960. a72 p. ;c21 cm.  aCover title. 0aLabor disputeszPakistan.1 aShafi, M.